000 00390nam a2200169Ia 4500
008 230524s9999 xx 000 0 und d
020 _a8120322355
082 _a3
_bTAH
100 _aHamdy A.Taha
245 0 _aOperations Research
250 _a7TH
260 _aNEW DELHI
_bPHI
_c2004
300 _aXVII;830
500 _aQuantity Number: 130
650 _aMathematics
942 _cBK
999 _c19033
_d19033